Prison Break Multiple Choice Quiz - Statistics

General Stats
  • This quiz has been taken 229 times
  • The average score is 6 of 15
Answer Stats
Question Answer % Correct
What is the name of the first Prison Scofield breaks out of? Fox River State Penintentiary
100%
What is Poseidons real name? Jacob Ness
64%
What was C- Note incarcerated for? Posession of stolen goods
56%
Who says this quote? T-Bag
52%
What is the name of Abu Ramal's terrorist organization? ISIL
44%
What was the name of the card Tweener stole, which landed him in Prison? Honus Wagner
43%
How did Lechero get his name? Killed a man dressed up as a milkman
39%
What drugs does Mahone take to stay calm? Veratril
36%
Scofield gets help from a guy, he broke out of a prison while working for Poseidon. What country did he break him out of? Venezuela
34%
Complete the sentence: A Full house, that's a concept a Mexican should be quite familiar with eh Jesus
33%
Who do Lincoln and C-Note have to find, to free Scofield from Ogygia? An electrician
33%
What is Whip's actual name? Dave Martin
29%
What is the hint that leads Mahone to find the fox river 8 at the graveyard after the breakout? Rivers
27%
Who is Clyde May? T-Bag
23%
Complete the sentence: Who the hell carries a gun with one bullet? A man who does not want to get captured by ISIL
12%
No matching quizzes found
Score Distribution
Percent of People with Each Score
Percentile by Number Answered
Your Score History
You have not taken this quiz